| 000 | 00364pam a2200157a 44500 | ||
|---|---|---|---|
| 008 | 230515b2000 xxu||||| |||| 00| 0 eng d | ||
| 020 | _aNULL | ||
| 041 | _aENGL | ||
| 082 | _a004.3 / JAI | ||
| 100 | _aJAIN A.K. | ||
| 245 | _aFUNDAMENTALS OF DIGITAL IMAGE PROCESSING | ||
| 250 | _aN.D. | ||
| 260 |
_aNULL _bPHADKE _c2000 |
||
| 300 | _a569 PB | ||
| 650 | _aNULL | ||
| 999 |
_c632061 _d632061 |
||